000 00791nam a22002297a 4500
005 20100812152629.0
010 _aENG-99966
020 _a9789380018092
_c550.00
035 _aEN-83498
037 _bDBAD/PUB
082 _a615.7
100 _aUdupa, N
_911943
245 _aConcepts in chronopharmacology /
_cby N Udupa [and] P D Gupta
260 _aJaipur
_bShyam Prakashan
_c2009
270 _a'Geetanjali Appartment' 1926, Nataniyon Ka Rasta
_bJaipur
_e302003
300 _a183p.
_c24cm (Hb)
500 _aIncludes index
650 _aChronopharmacology
_911944
700 _aGupta, P D
_91331
942 _2ddc
_cEN
_h615.7
_mUDU
999 _c41417
_d41417